| 000 | 02053cam a2200469 4500 | ||
|---|---|---|---|
| 008 | 020628n2004 000 0 eng u | ||
| 020 | _a0415234336 | ||
| 035 | _a(Sirsi) u118575 | ||
| 041 | _aeng | ||
| 050 |
_a306.1 _c18 |
||
| 245 |
_aHousing development _btheory, process and practice |
||
| 260 |
_aLondon _bRoutledge _c2004 |
||
| 300 |
_axvi, 410p. _c24cm |
||
| 350 | _a23.50 | ||
| 490 | _aRoutledge Housing, Planning and Design Series | ||
| 520 | _aConsolidates information on housing production, housing provision and the housing environment, examining the theoretical and policy contexts. Reviews the factors that influence location, siting, quality and viability of housing in the United Kingdom. Divided into sections covering the political economy of housing development, the housing development process and contemporary practice in housing development. Subjects discussed include housing demand and need, the private house-building industry, social housing and the government role, planning and land supply, site appraisal and estate layout, dwelling construction and design, finance, procurement and marketing, technical innovation, sustainable development, urban capacity, refurbishment and comparisons with other European countries. | ||
| 650 | _aHOUSING ECONOMICS | ||
| 650 | _aHOUSING POLICY | ||
| 650 | _aURBAN HOUSING | ||
| 650 | _aHOUSING NEED | ||
| 650 | _aHOUSING DEMAND | ||
| 650 | _aHOUSING SUPPLY | ||
| 650 | _aSOCIAL HOUSING | ||
| 650 | _aPRIVATE HOUSE BUILDERS | ||
| 650 |
_aAffordable housing _96215 |
||
| 650 | _aPLANNING POLICY | ||
| 650 | _aLAND ACQUISITION | ||
| 650 | _aRESIDENTIAL DESIGN | ||
| 650 | _aHOUSING FINANCE | ||
| 650 | _aSUSTAINABLE DEVELOPMENT | ||
| 650 | _aEUROPE | ||
| 690 | _aHOUSING-DEVELOPMENT | ||
| 700 |
_aGolland, Andrew _xEditor |
||
| 700 |
_aBlake, Ron _xEditor |
||
| 700 | _aCollins, Paul | ||
| 700 | _aDunmore, Kathleen | ||
| 700 | _aGillen, Mike | ||
| 700 | _aNicol, Chris | ||
| 700 | _aOxley, Michael | ||
| 700 | _aTunstall, Gavin | ||
| 942 | _n0 | ||
| 999 |
_c102147 _d102147 |
||